| 000 | 00580nam a22001937a 4500 | ||
|---|---|---|---|
| 003 | OSt | ||
| 005 | 20260508001824.0 | ||
| 008 | 260508b |||||||| |||| 00| 0 eng d | ||
| 020 | _a978-1-4748-1451-5 | ||
| 040 |
_aDWCL Main Lib. _cOC |
||
| 082 | _aGR 525 Ou93 2015 | ||
| 110 | _aDiscovery kids | ||
| 245 |
_aOur world : _bincredible but true facts / _cDiscovery kids |
||
| 260 |
_aUK : _bParragon Books, _cc2015 |
||
| 300 |
_a215 pages : _bcolored illustrations ; _c25cm. |
||
| 504 | _aIncludes glossary and index. | ||
| 650 | _a1. Earth -- Geography. | ||
| 942 |
_2ddc _cGR _n0 |
||
| 999 |
_c10313 _d10313 |
||